| 000 | 00959cam a22002651 4500 | ||
|---|---|---|---|
| 001 | s 48000001 | ||
| 003 | DLC | ||
| 005 | 20260227111912.0 | ||
| 008 | 800107s1947 dcu b f001 0 eng c | ||
| 010 | _as 48000001 | ||
| 035 | _a(OCoLC)5848574 | ||
| 040 |
_aSmithsonian Institution _cGVaS _dOCoLC _dDLC |
||
| 042 | _apremarc | ||
| 050 | 0 | 0 |
_aQK1 _b.U5 vol. 29, pt. 4 |
| 051 |
_aQK495.G74 _bS87 _cCopy 2 |
||
| 082 | _a584.9 | ||
| 100 | 1 |
_aSwallen, Jason R. _q(Jason Richard), _d1903-1991. |
|
| 245 | 1 | 4 | _aThe awnless annual species of Muhlenbergia. |
| 260 |
_aWashington, _bU.S. Govt. Print. Off., _c1947. |
||
| 300 |
_a203-208 p. _c25 cm. |
||
| 490 | 1 |
_aSmithsonian Institution. United States National Museum. Contributions from the United States National Herbarium, _vv. 29, p. 4 |
|
| 650 | 0 | _aGrasses. | |
| 650 | 0 | _aMuhlenbergia. | |
| 810 | 2 |
_aUnited States National Museum. _tContributions from the United States National Herbarium ; _vv. 29, pt. 4. |
|
| 999 |
_c52785 _d52785 |
||